Central Library OPAC University of Rajshahi

Dictionary of plant breeding / (Record no. 30198)

MARC details
000 -LEADER
fixed length control field 01083cam a22003014a 4500
001 - CONTROL NUMBER
control field 30198
003 - CONTROL NUMBER IDENTIFIER
rucl marc code BD-RjUL
005 - DATE AND TIME OF LATEST TRANSACTION
control field 20211209051528.0
008 - FIXED-LENGTH DATA ELEMENTS--GENERAL INFORMATION
fixed length control field 140409s2010 flua bd 001 0 eng
020 ## - INTERNATIONAL STANDARD BOOK NUMBER
International Standard Book Number 9781439802427 (alk. paper)
International Standard Book Number 1439802424 (alk. paper)
035 ## - SYSTEM CONTROL NUMBER
System control number (BD-RjUL)30283
-- (OCoLC)ocn255899528
040 ## - CATALOGING SOURCE
Original cataloging agency DNAL/DLC
Transcribing agency DLC
Modifying agency BD-RjUL
Language of cataloging eng
041 ## - LANGUAGE CODE
Language code of text/sound track or separate title eng
082 00 - DEWEY DECIMAL CLASSIFICATION NUMBER
Classification number R 631.5203
Edition number 22
Author mark and year SCD 2010
100 1# - MAIN ENTRY--PERSONAL NAME
Personal name Schlegel, Rolf H. J.
9 (RLIN) 91811
245 10 - TITLE STATEMENT
Title Dictionary of plant breeding /
Statement of responsibility, etc. Rolf H.J. Schlegel.
250 ## - EDITION STATEMENT
Edition statement 2nd ed.
260 ## - PUBLICATION, DISTRIBUTION, ETC. (IMPRINT)
Place of publication, distribution, etc. Boca Raton :
Name of publisher, distributor, etc. CRC Press,
Date of publication, distribution, etc. c2010.
300 ## - PHYSICAL DESCRIPTION
Pagination xi, 571 p. :
Illustrations ill. ;
Size 27 cm.
500 ## - GENERAL NOTE
General note Previous ed. published under title: Encyclopedic dictionary of plant breeding and related subjects.
504 ## - BIBLIOGRAPHY, ETC. NOTE
Bibliography, etc Includes bibliographical references (p. 569-571) and index.
650 #0 - SUBJECT ADDED ENTRY--TOPICAL TERM
Topical term or geographic name as entry element Plant breeding
Form subdivision Dictionaries.
9 (RLIN) 91812
700 1# - ADDED ENTRY--PERSONAL NAME
Personal name Schlegel, Rolf H. J.
942 ## - ADDED ENTRY ELEMENTS (KOHA)
Source of classification or shelving scheme Dewey Decimal Classification
Koha item type Books
Holdings
Lost status Source of classification or shelving scheme Damaged status Not for loan Collection code Permanent Location Current Location Shelving location Date acquired Source of acquisition Cost, normal purchase price Total Checkouts Full call number Date last seen Copy number Koha item type
  Dewey Decimal Classification   Not For Loan Reference Central Library, University of Rajshahi Central Library, University of Rajshahi   19/03/2014 Dhaka, Paragon Enterprises Ltd. 7880.00   R 631.5203 SCD 2010 09/04/2014 C-1 Books